00441 2200169 4500001002100000005001500021035002000036007000300056008004100059082000800100084001400108100001900122245005400141260004500195300002100240600001000261INLIS00000000000090720220613114527 a0010-0622000051ta220613 g 0 ind  a297 a297 AJI f0 aAjib, Muhammad1 aFiqih Puasa dalam Mazhab Syafi'i /cMuhammad Ajib aJakarta :bRumah Fiqih Publishing,c2019 a43 hlm. ;c20 cm 4aAgama